War in the Middle Ages

Αποθηκεύτηκε σε:
Λεπτομέρειες βιβλιογραφικής εγγραφής
Κύριος συγγραφέας: Contamine, Philippe
Άλλοι συγγραφείς: Jones, Michael, 1953- (Μεταφραστής)
Μορφή: Βιβλίο
Γλώσσα:English
French
Δημοσίευση: Cambridge : Basil Blackwell, 1984.
Θέματα:
Ετικέτες: Προσθήκη ετικέτας
Δεν υπάρχουν, Καταχωρήστε ετικέτα πρώτοι!

MARC

LEADER 00000cam a2200000 i 4500
001 1/61989
008 930915s1984 enk| ||| |||| ||eng||
020 |a 0631144692 
035 |a ΛΕΣΒΟΣb10000954  |l 10000954 
040 |a GR-MyUA  |b gre  |e AACR2 
041 1 |a eng  |h fre 
082 0 |a 355.0094 
100 1 |a Contamine, Philippe. 
245 1 0 |a War in the Middle Ages /   |c Philippe Contamine ; translated by Michael Jones.  
260 |a Cambridge :   |b Basil Blackwell,   |c 1984.  
300 |a 308 σ. :   |b εικ., πιν. 7 χάρτες, σχέδια :  
500 |a Τίτλος πρωτοτύπου: La guerre au Moyen Age.  
504 |a Βιβλιογραφία: σ. 311-360. Ευρετήριο.  
650 0 0 |a Military art and science  |z Europe  |x History. 
650 0 0 |a Middle Ages  |x History. 
651 0 |a Europe  |x History, Military. 
700 1 |a Jones, Michael,   |d 1953-  |e trl 
852 |a INST  |b LESVOS  |e 19930915  |h 355.0094 CON  |p 005100004109  |q 005100004109  |t BK  |y 0 
909 |a Λ  |b 027166